This Book Stinks II Quiz Stats

 Plays Quiz Updated Jul 13, 2016

Also try: This Book Stinks
Challenge
Share
Tweet
Embed
Score 0/16 Timer 06:00
6 Plays Today
% Correct
The Time Machine
91%
Lord of the Flies
87.8%
Sense and Sensibility
85%
The Grapes of Wrath
79.4%
Sons and Lovers
76.9%
Crime and Punishment
73.7%
Gulliver's Travels
68.7%
A Farewell to Arms
66.4%
% Correct
The Hobbit
56.1%
Catch-22
54.8%
On the Road
48.5%
Slaughterhouse-Five
48.1%
Dune
46.9%
Brideshead Revisited
42%
The Picture of Dorian Gray
41.6%
Ulysses
36.9%

You're not logged in!

Compare scores with friends on all Sporcle quizzes.
OR
Log In

You Might Also Like...

Show Comments

Extras

Top Quizzes Today


Score Distribution

Your Account Isn't Verified!

In order to create a playlist on Sporcle, you need to verify the email address you used during registration. Go to your Sporcle Settings to finish the process.

Report this User

Report this user for behavior that violates our Community Guidelines.

Details: